| 000 | 01429nam a22003614a 4500 | ||
|---|---|---|---|
| 001 | ebr10112426 | ||
| 003 | CaPaEBR | ||
| 006 | m u | ||
| 007 | cr cn||||||||| | ||
| 008 | 030826s2002 xxua s 001 0 eng | ||
| 010 | _z 2003272322 | ||
| 020 | _z0738428256 | ||
| 040 |
_aCaPaEBR _cCaPaEBR |
||
| 035 | _a(OCoLC)560312197 | ||
| 050 | 1 | 4 |
_aTK5105.86 _b.I4332 2002eb |
| 082 | 0 | 4 |
_a004.6 _222 |
| 245 | 0 | 0 |
_aIBM TotalStorage Enterprise Storage Server model 800 _h[electronic resource] / _cGustavo Castets ... [et al.]. |
| 250 | _a2nd ed. | ||
| 260 |
_a[United States?] : _bIBM Corp., _c2002. |
||
| 300 |
_axxii, 284 p. : _bill. |
||
| 490 | 1 | _aIBM redbooks | |
| 500 | _aIncludes index. | ||
| 533 |
_aElectronic reproduction. _bPalo Alto, Calif. : _cebrary, _d2013. _nAvailable via World Wide Web. _nAccess may be limited to ebrary affiliated libraries. |
||
| 650 | 0 | _aStorage area networks (Computer networks) | |
| 650 | 0 |
_aElectronic data processing _xBackup processing alternatives. |
|
| 650 | 0 | _aData recovery (Computer science) | |
| 655 | 7 |
_aElectronic books. _2local |
|
| 700 | 1 | _aCastets, Gustavo. | |
| 710 | 2 |
_aInternational Business Machines Corporation. _bInternational Technical Support Organization. |
|
| 710 | 2 | _aebrary, Inc. | |
| 830 | 0 | _aIBM redbooks. | |
| 856 | 4 | 0 |
_uhttp://site.ebrary.com/lib/rucke/Doc?id=10112426 _zAn electronic book accessible through the World Wide Web; click to view |
| 999 |
_c210636 _d210636 |
||